|
|
|
|
| LEADER |
00000cam a2200000 7i4500 |
| 001 |
0000078534 |
| 005 |
20180208.0 |
| 008 |
180207 |
| 020 |
|
|
|a 9781635496093
|
| 041 |
0 |
|
|a English
|
| 090 |
0 |
0 |
|a 391.6
|b MAK
|
| 245 |
1 |
0 |
|a Makeup for Asian women
|c edited by Erika De Smet
|
| 260 |
|
|
|a New York :
|b Larsen & Keller ,
|c 2017
|
| 300 |
|
|
|a 360p. :
|b 26.6cm
|
| 500 |
|
|
|a Reference
|
| 541 |
0 |
0 |
|c Purchased on 2017
|
| 650 |
|
0 |
|a Beauty, personal
|
| 650 |
|
0 |
|a Cosmetics
|z Asia
|
| 700 |
1 |
|
|a De Smet, Erika
|
| 999 |
|
|
|a 0001504706
|b Book
|c REFERENCE
|e Cawangan AEON Kulaijaya
|
| 999 |
|
|
|a 0001504707
|b Book
|c REFERENCE
|e Cawangan Urban Transformation Centre
|
| 999 |
|
|
|a 0001504708
|b Book
|c REFERENCE
|e Perbadanan Perpustakaan Awam Johor
|
| 999 |
|
|
|a 0001504993
|b Book
|c REFERENCE
|e Cawangan Muar
|
| 999 |
|
|
|a 0001504994
|b Book
|c Adult Collection
|e Cawangan Batu Pahat
|
| 999 |
|
|
|a 0001504995
|b Book
|c REFERENCE
|e Cawangan Kota Tinggi
|
| 999 |
|
|
|a 0001504996
|b Book
|c REFERENCE
|e Cawangan Taman Sri Lambak
|
| 999 |
|
|
|a 0001504997
|b Book
|c REFERENCE
|e Cawangan Segamat
|
| 999 |
|
|
|a 0001504998
|b Book
|c REFERENCE
|e Cawangan Bandar Penawar
|
| 999 |
|
|
|a 0001504999
|b Book
|c REFERENCE
|e Cawangan Tangkak
|
| 999 |
|
|
|a 0001505000
|b Book
|c REFERENCE
|e Cawangan Bandar Tenggara
|
| 999 |
|
|
|a 0001505001
|b Book
|c REFERENCE
|e Cawangan Tmn. Ungku Tun Aminah
|
| 999 |
|
|
|a 0001505002
|b Book
|c REFERENCE
|e Cawangan Sri Merlong
|
| 999 |
|
|
|a 0001505003
|b Book
|c Adult Collection
|e Cawangan Mersing
|
| 999 |
|
|
|a 0001505004
|b Book
|c REFERENCE
|e Cawangan Pontian
|
| 999 |
|
|
|a 0001505005
|b Book
|c REFERENCE
|e Cawangan Bukit Gambir
|